Szczegóły MARC21

The new encyclopædia Britannica. Vol. 1-.

003 -Nazwa inst., której nr kontr. jest w polu 001 [,]
    • @
    • Nazwa instytucji, której n kontrolny jest w polu 001
    • NUKAT
005 -DATA I CZAS OSTATNIEJ MODYFIKACJI [,]
    • @
    • pole kontrolne
    • 20241231111538.0
020 -Międzynarod. znormalizowany nr książki - ISBN [ , ]
    • a
    • Numer ISBN
    • 0852297874 Find
040 -Instytucja sporządzająca opis [ , ]
    • a
    • Instytucja, która sporządziła opis (NP)
    • WA U/59JA
    • b
    • Język katalogowania
    • pol
    • e
    • Zasady katalogowania
    • rda
    • c
    • Instytucja, która sporządziła rekord (NP)
    • WA U/JA
    • d
    • Instytucja, która zmodyfikowała rekord (P)
    • WA U/BBM
942 -Rodzaj dokumentu [ , ]
    • c
    • Rodzaj dokumentu
    • Książka
245 -Strefa tytułu i oznaczenia odpowiedzialności [0,4]
    • a
    • Tytuł
    • The new encyclopædia Britannica. Find
    • n
    • Oznaczenie części (P)
    • Vol. 1-.
246 -Wariant tytułu [3,0]
    • a
    • Tytuł (NP)
    • Encyclopædia Britannica
246 -Wariant tytułu [1,8]
    • a
    • Tytuł (NP)
    • Britannica
250 -Strefa wydania [ , ]
    • a
    • Oznaczenie wydania (NP)
    • 15 ed.
260 -Strefa adresu wydawniczego [ , ]
    • a
    • Miejsce wydania (P)
    • Chicago :
    • b
    • Nazwa wydawcy (P)
    • Encyclopaedia Britannica, Inc.,
    • c
    • Data wydania (P)
    • cop. 2002.
300 -Strefa opisu fizycznego [ , ]
    • a
    • Określenie formy książki i/lub objętość (NP)
    • 32 tomy :
    • b
    • Oznaczenie ilustracji (NP)
    • ilustracje ;
    • c
    • Format (NP)
    • 29 cm.
336 -Typ zawartości [ , ]
    • a
    • Termin opisujący typ zawartości
    • Tekst
    • b
    • Kod określający zawartość
    • txt
    • 2
    • Źródło (terminu i kodu)
    • rdacontent
337 -Typ mediów [ , ]
    • a
    • Tryb odtwarzania
    • Bez urządzenia pośredniczącego
    • b
    • Kod typu mediów
    • n
    • 2
    • Źródło (terminu i kodu)
    • rdamedia
338 -Typ/rodzaj nośnika [ , ]
    • a
    • Hasło opisujące typ nośnika
    • Wolumin
    • b
    • Kod typu nośnika
    • nc
    • 2
    • Źródło (terminu i kodu)
    • rdacarrier
500 -Uwaga ogólna [ , ]
    • a
    • Uwaga ogólna (NP)
    • Całość 32 wol.: vol. 1-12 : Micropædia, ready reference ; vol. 13-29 : Macropædia, knowledge in depth ; The index (2 vol.) ; vol. 32 : [Propædia : outline of knowledge].
080 -Uniwersalna Klasyfikacja Dziesiętna [ , ]
    • a
    • Symbol klasyfikacji
    • 0/9(03)=20
655 -Hasło w funkcji tematu formalnego [ ,7]
    • a
    • Hasło
    • Encyklopedie i słowniki angielskie.
    • 2
    • Źródło terminu
    • kaba
    • 9
    • KHW
    • 107698
980 -Symbol UKD [ , ]
    • a
    • UKD
    • 0/9(03)=20
710 -Hasło dodatkowe - nazwa ciała zbiorowego [2, ]
    • a
    • Nazwa ciała zbiorowego lub nazwa geograficzna jako pierwszy element (NP)
    • Encyclopædia Britannica, Inc.
    • e
    • Rodzaj współpracy
    • Wydawca
    • 4
    • Kod relacji
    • pbl
    • 9
    • KHW
    • 627939
920 -ISBN [ , ]
    • a
    • ISBN
    • 0-85229-787-4 Find
Sygnatura Numer inwentarzowy Status udost. Numer tomu Data inwentaryzacji Lokalizacja
ANG. Encyklopedie 28A.68281Vol.4 Delusion - Frenssen2003-02-12BM
ANG. Encyklopedie 25A.68251Vol.1 A-ak - Bayes2003-02-12BM
ANG. Encyklopedie 31A.68311Vol.7 Krasnokamsk - Menadra2003-02-12BM
ANG. Encyklopedie 33A.68331Vol.9 Otter - Rethimnon2003-02-12BM
ANG. Encyklopedie 42A.68421Vol.18 Education - Evolution2003-02-12BM
ANG. Encyklopedie 49A.68491Vol.25 Number - Prague2003-02-12BM
ANG. Encyklopedie 45A.68451Vol.21 India - Ireland2003-02-12BM
ANG. Encyklopedie 43A.68431Vol.19 Excretion - Geometry2003-02-12BM
ANG. Encyklopedie 35A.68351Vol.11 Solovyov - Truck2003-02-12BM
ANG. Encyklopedie 41A.68411Vol.17 Decorative - Edison2003-02-12BM
ANG. Encyklopedie 44A.68441Vol.20 Geomorphic - Immunity2003-02-12BM
ANG. Encyklopedie 26A.68261Vol.2 Bayeu - Ceanothus2003-02-12BM
ANG. Encyklopedie 30A.68301Vol.6 Holderness - Krasnogorsk2003-02-12BM
ANG. Encyklopedie 37A.68371Vol.13 Accounting - Architecture2003-02-12BM
ANG. Encyklopedie 38A.68381Vol.14 Arctic - Biosphere2003-02-12BM
ANG. Encyklopedie 47A.68471Vol.23 Light - Metabolism2003-02-12BM
ANG. Encyklopedie 50A.68501Vol.26 Pre-Columbian - Saint2003-02-12BM
ANG. Encyklopedie 27A.68271Vol.3 Ceara - Deluc2003-02-12BM
ANG. Encyklopedie 32A.68321Vol.8 Menage - Ottawa2003-02-12BM
ANG. Encyklopedie 34A.68341Vol.10 Reti - Solovets2003-02-12BM
ANG. Encyklopedie 36A.68361Vol.12 Trudeau - Zywiec2003-02-12BM
ANG. Encyklopedie 39A.68391Vol.15 Birds - Chess2003-02-12BM
ANG. Encyklopedie 48A.68481Vol.24 Metaphysics - Norway2003-02-12BM
ANG. Encyklopedie 46A.68461Vol.22 Islam - Life2003-02-12BM
ANG. Encyklopedie 53A.68531Vol.29 United - Zoroastrianism2003-02-12BM
ANG. Encyklopedie 52A.68521Vol.28 Spain - Union2003-02-12BM
ANG. Encyklopedie 51A.68511Vol.27 San Francisco - Southern2003-02-12BM
ANG. Encyklopedie 40A.68401Vol.16 Chicago-Death2003-02-12BM
ANG. Encyklopedie 29A.68291Vol.5 Freon - Holderlin2003-02-12BM
ANG. Encyklopedie 54A.68541Vol.30 Index A - K2003-02-12BM
ANG. Encyklopedie 55A.68551Vol.31 Index L - Z2003-02-12BM
ANG. Encyklopedie 56A.68561Vol.32 Propaedia2003-02-12BM